| 000 | 00433nam a2200145Ia 4500 | ||
|---|---|---|---|
| 008 | 151213s9999 xx 000 0 und d | ||
| 100 | _aSteven J. Skinner & John M. Ivancevich | ||
| 245 |
_aBusiness for the 21st century _cSteven J. Skinner & John M. Ivancevich |
||
| 260 |
_aBoston _bIrwin _c2003 |
||
| 300 | _a3084 p. | ||
| 650 | _aBusiness | ||
| 650 | _aBusiness | ||
| 700 | _aSteven J. Skinner & John M. Ivancevich | ||
| 999 |
_c2125 _d2125 |
||